|
|
|
|
| LEADER |
00000nam a2200000 i 4500 |
| 001 |
DIGHERDER0542 |
| 003 |
NyNyDIG |
| 008 |
221116s2021 sp a ob 000 0 spa d |
| 006 |
m o d |
| 007 |
cr ||||||||||| |
| 035 |
|
|
|a (OCoLC)1255342225
|
| 040 |
|
|
|a DGITA
|b eng
|e rda
|e pn
|c DGITA
|
| 020 |
|
|
|a 9788425442780
|q digital
|
| 020 |
|
|
|z 9788425442773
|
| 050 |
1 |
4 |
|a RA971 ebook
|
| 082 |
0 |
4 |
|a 362.1
|
| 100 |
1 |
|
|a Cortés Borra, Albert,
|e author.
|
| 245 |
1 |
0 |
|a Humanizar la gestión sanitaria :
|b personas para personas : justicia, transparencia y respeto /
|c Albert Cortés Borra.
|
| 250 |
|
|
|a 1a. edición digital.
|
| 264 |
|
1 |
|a Barcelona :
|b Herder,
|c 2021
|
| 264 |
|
4 |
|c ©2020
|
| 300 |
|
|
|a 1 online resource :
|b illustrations.
|
| 336 |
|
|
|a text
|b txt
|2 rdacontent
|
| 337 |
|
|
|a computer
|b c
|2 rdamedia
|
| 338 |
|
|
|a online resource
|b cr
|2 rdacarrier
|
| 347 |
|
|
|a text file
|2 rdaft
|
| 347 |
|
|
|b EPUB
|
| 490 |
1 |
|
|a Colección Gimbernat salud
|
| 504 |
|
|
|a Includes bibliographical references.
|
| 588 |
0 |
|
|a Online resource; title from ePub title page (Digitalia, viewed November 16, 2022)
|
| 650 |
|
0 |
|a Health services administration.
|
| 650 |
|
0 |
|a Respect for persons.
|
| 650 |
|
0 |
|a Medical care.
|
| 655 |
|
0 |
|a Electronic books.
|
| 776 |
0 |
8 |
|i Print version:
|a Cortés Borra, Albert.
|t Humanizar la gestión sanitaria.
|d Barcelona : Herder, 2021
|z 9788425442773
|
| 791 |
2 |
|
|a Digitalia (Firm),
|e distributor.
|
| 793 |
0 |
|
|g Digitalia eBook Collection:
|a Herder Editorial
|
| 830 |
|
0 |
|a Colección Gimbernat salud.
|
| 856 |
4 |
0 |
|3 Digitalia Hispánica
|u https://www.digitaliapublishing.com/a/102672/
|
| 910 |
|
|
|a Premium collection: 2022
|